Ring Theory and Algebra III : Proceedings of the Third Oklahoma Conference

Enregistré dans:
Détails bibliographiques
Auteurs principaux: Bernard R. Mcdonald, Robert A. Morris
Format: Sách giấy
Langue:English
Publié: New York : Marcel Dekker , 1980
Tags: Ajouter un tag
Pas de tags, Soyez le premier à ajouter un tag!
Thư viện lưu trữ: Thư viện Trường Đại học Đà Lạt
LEADER 00623nam a2200253 4500
001 DLU020011326
005 ##1/6/2000
041 # # |a eng 
082 # # |a 512.4  |b Rin 
090 # # |a 512.4  |b Rin 
100 # # |a Bernard R. Mcdonald 
100 # # |a Robert A. Morris 
245 # # |a Ring Theory and Algebra III :  |b Proceedings of the Third Oklahoma Conference 
260 # # |a New York :  |b Marcel Dekker ,  |c 1980 
300 # # |a X, 421 tr.;   |c 25 cm. 
992 # # |a 16000 
994 # # |a DLU 
900 # # |a False 
911 # # |a Administrator 
925 # # |a G 
926 # # |a A 
927 # # |a SH 
980 # # |a Thư viện Trường Đại học Đà Lạt